Loreto College Library, Kolkata
WEBOPAC (ONLINE PUBLIC ACCESS CATALOGUE)

The Constitution of India (Record no. 34747)

MARC details
000 -LEADER
fixed length control field 00432nam a2200169Ia 4500
008 - FIXED-LENGTH DATA ELEMENTS--GENERAL INFORMATION
fixed length control field 131103s9999 xx 000 0 und d
040 ## - CATALOGING SOURCE
Original cataloging agency Loreto College
041 ## - LANGUAGE CODE
Language code English
082 ## - DDC | ডিউই
Classification number | বর্গসংখ্যা 342.54/IND
Book Number | গ্রন্থাঙ্ক LCBKB/187
245 #4 - TITLE STATEMENT | অাখ্যা বিবরণী
Title | অাখ্যা The Constitution of India
260 ## - IMPRINT | প্রকাশনা ক্ষেত্র
Place of publication | প্রকাশ স্থান [s.l.]
Name of publisher | প্রকাশকের নাম [s.n.]
Date of publication | প্রকাশ কাল [19?]
300 ## - PHYSICAL DESCRIPTION |
Page / Vol. No | পৃষ্ঠা / খন্ড সংখ্যা xx,204p
504 ## - BIBLIOGRAPHY, ETC. NOTE
Bibliography, etc Include index
650 ## - SUBJECT ADDED ENTRY--TOPICAL TERM | বিষয় শিরোনাম - মূল বিষয়
Topical term | মূল বিষয় India - Constitution
850 ## - HOLDING INSTITUTION
Holding institution LCBKB/342.54/IND
942 ## - ADDED ENTRY ELEMENTS (KOHA)
Koha item type Books
Holdings
Withdrawn status Lost status Damaged status Not for loan Home library Current library Date acquired Total Checkouts Full call number Accession No. Date last seen Price effective from Koha item type
        Loreto College Loreto College 04/11/2013   342.54/IND LCBKB/187 B37607 04/11/2013 04/11/2013 Books